<?xml version="1.0" encoding="UTF-8"?>
<record
    xmlns:xsi="http://www.w3.org/2001/XMLSchema-instance"
    xsi:schemaLocation="http://www.loc.gov/MARC21/slim http://www.loc.gov/standards/marcxml/schema/MARC21slim.xsd"
    xmlns="http://www.loc.gov/MARC21/slim">

  <leader>01314nam a2200265 a 4500</leader>
  <controlfield tag="001">000010219</controlfield>
  <controlfield tag="003">DO-SdBNP</controlfield>
  <controlfield tag="005">20240412074216.0</controlfield>
  <controlfield tag="008">091005s2003    dr            000 0 spa d</controlfield>
  <datafield tag="040" ind1=" " ind2=" ">
    <subfield code="a">DO-SdBNP</subfield>
    <subfield code="b">spa</subfield>
    <subfield code="c">BNPHU</subfield>
  </datafield>
  <datafield tag="082" ind1=" " ind2=" ">
    <subfield code="a">RD861.44</subfield>
    <subfield code="b">P745d</subfield>
  </datafield>
  <datafield tag="245" ind1="0" ind2="0">
    <subfield code="a">Poetas dominicanos en varios tiempos /</subfield>
    <subfield code="c">compilador Julio Jaime Julia ; editores Tom&#xE1;s Castro Burdiez, Jos&#xE9; Rafael Vargas.</subfield>
  </datafield>
  <datafield tag="260" ind1=" " ind2=" ">
    <subfield code="a">Santo Domingo :</subfield>
    <subfield code="b">Banco Popular,</subfield>
    <subfield code="c">2003.</subfield>
  </datafield>
  <datafield tag="300" ind1=" " ind2=" ">
    <subfield code="a">221 p. ;</subfield>
    <subfield code="c">22 cm.</subfield>
  </datafield>
  <datafield tag="500" ind1=" " ind2=" ">
    <subfield code="a">Incluye datos biogr&#xE1;ficos del compilador en la contracubierta</subfield>
  </datafield>
  <datafield tag="505" ind1="0" ind2=" ">
    <subfield code="a">Franklin Mieses Burgos -- Ram&#xF3;n Francisco -- Rub&#xE9;n Suro -- Ram&#xF3;n Lacay Polanco -- Porfirio Herrera -- Marcio Veloz Maggiolo -- Antonio Fern&#xE1;ndez Spencer -- Rodolfo Coiscou-Weber -- Abel Fern&#xE1;ndez Mej&#xED;a -- Abelardo Vicioso -- M&#xE1;ximo Avil&#xE9;s Blonda -- Alberto Pe&#xF1;a Lebr&#xF3;n -- Agripino Pe&#xF1;a L. -- Ram&#xF3;n Cifr&#xE9; Navarro -- Rafael Valera Ben&#xED;tez -- V&#xED;ctor Garrido -- Lupo Hern&#xE1;ndez Rueda.</subfield>
  </datafield>
  <datafield tag="590" ind1=" " ind2=" ">
    <subfield code="a">Inventariado, 2019/LP</subfield>
  </datafield>
  <datafield tag="650" ind1=" " ind2="0">
    <subfield code="a">Poes&#xED;a dominicana</subfield>
    <subfield code="9">66</subfield>
  </datafield>
  <datafield tag="650" ind1=" " ind2="0">
    <subfield code="a">Literatura dominicana.</subfield>
    <subfield code="9">67</subfield>
  </datafield>
  <datafield tag="700" ind1="1" ind2=" ">
    <subfield code="a">Julio, Julio Jaime,</subfield>
    <subfield code="e">comp.</subfield>
    <subfield code="9">25217</subfield>
  </datafield>
  <datafield tag="700" ind1="1" ind2=" ">
    <subfield code="a">Vargas, Jos&#xE9; Rafael,</subfield>
    <subfield code="e">ed.</subfield>
    <subfield code="9">21851</subfield>
  </datafield>
  <datafield tag="700" ind1=" " ind2=" ">
    <subfield code="a">Castro, Tom&#xE1;s,</subfield>
    <subfield code="d">1959-</subfield>
    <subfield code="e">ed.</subfield>
    <subfield code="9">24641</subfield>
  </datafield>
  <datafield tag="910" ind1=" " ind2=" ">
    <subfield code="a">Validado. Control de calidad BNPHU</subfield>
  </datafield>
  <datafield tag="942" ind1=" " ind2=" ">
    <subfield code="2">ddc</subfield>
    <subfield code="c">LBS1</subfield>
  </datafield>
  <datafield tag="952" ind1=" " ind2=" ">
    <subfield code="0">0</subfield>
    <subfield code="1">0</subfield>
    <subfield code="2">ddc</subfield>
    <subfield code="5">6</subfield>
    <subfield code="7">0</subfield>
    <subfield code="8">DS</subfield>
    <subfield code="a">BNPHU</subfield>
    <subfield code="b">GR</subfield>
    <subfield code="c">HD</subfield>
    <subfield code="d">2009-10-05</subfield>
    <subfield code="l">0</subfield>
    <subfield code="o">BNPHU DS RD861.44 P745d</subfield>
    <subfield code="p">10219-30</subfield>
    <subfield code="r">2020-06-25</subfield>
    <subfield code="t">e. 3</subfield>
    <subfield code="w">2020-06-25</subfield>
    <subfield code="y">LFDS</subfield>
  </datafield>
  <datafield tag="952" ind1=" " ind2=" ">
    <subfield code="0">0</subfield>
    <subfield code="1">0</subfield>
    <subfield code="2">ddc</subfield>
    <subfield code="5">1</subfield>
    <subfield code="7">1</subfield>
    <subfield code="8">PD</subfield>
    <subfield code="a">BNPHU</subfield>
    <subfield code="b">PD</subfield>
    <subfield code="c">HD</subfield>
    <subfield code="d">2009-10-05</subfield>
    <subfield code="l">0</subfield>
    <subfield code="o">BNPHU PD RD861.44 P745d</subfield>
    <subfield code="p">10219-10</subfield>
    <subfield code="r">2020-06-25</subfield>
    <subfield code="w">2020-06-25</subfield>
    <subfield code="y">LFPD</subfield>
  </datafield>
  <datafield tag="952" ind1=" " ind2=" ">
    <subfield code="0">0</subfield>
    <subfield code="1">0</subfield>
    <subfield code="2">ddc</subfield>
    <subfield code="5">3</subfield>
    <subfield code="7">2</subfield>
    <subfield code="8">PD</subfield>
    <subfield code="a">BNPHU</subfield>
    <subfield code="b">PD</subfield>
    <subfield code="c">HD</subfield>
    <subfield code="d">2009-10-05</subfield>
    <subfield code="l">0</subfield>
    <subfield code="o">BNPHU PD RD861.44 P745d</subfield>
    <subfield code="p">10219-20</subfield>
    <subfield code="r">2020-06-25</subfield>
    <subfield code="t">e. 2</subfield>
    <subfield code="w">2020-06-25</subfield>
    <subfield code="y">LFPD</subfield>
  </datafield>
  <datafield tag="952" ind1=" " ind2=" ">
    <subfield code="0">0</subfield>
    <subfield code="1">0</subfield>
    <subfield code="2">ddc</subfield>
    <subfield code="5">6</subfield>
    <subfield code="7">0</subfield>
    <subfield code="8">DS</subfield>
    <subfield code="a">BNPHU</subfield>
    <subfield code="b">GR</subfield>
    <subfield code="c">HD</subfield>
    <subfield code="e">CERTV</subfield>
    <subfield code="l">0</subfield>
    <subfield code="o">BNPHU DS RD861.44 P745d</subfield>
    <subfield code="p">2021-2288</subfield>
    <subfield code="r">2021-06-30</subfield>
    <subfield code="t">e.4</subfield>
    <subfield code="w">2021-06-30</subfield>
    <subfield code="y">LFDS</subfield>
  </datafield>
  <datafield tag="952" ind1=" " ind2=" ">
    <subfield code="0">0</subfield>
    <subfield code="1">0</subfield>
    <subfield code="2">ddc</subfield>
    <subfield code="5">6</subfield>
    <subfield code="7">0</subfield>
    <subfield code="8">DS</subfield>
    <subfield code="a">BNPHU</subfield>
    <subfield code="b">GR</subfield>
    <subfield code="c">HD</subfield>
    <subfield code="e">CERTV</subfield>
    <subfield code="l">0</subfield>
    <subfield code="o">BNPHU DS RD861.44 P745d</subfield>
    <subfield code="p">2021-2289</subfield>
    <subfield code="r">2021-06-30</subfield>
    <subfield code="t">e.5</subfield>
    <subfield code="w">2021-06-30</subfield>
    <subfield code="y">LFDS</subfield>
  </datafield>
  <datafield tag="999" ind1=" " ind2=" ">
    <subfield code="c">9978</subfield>
    <subfield code="d">9978</subfield>
  </datafield>
</record>
